Click the European Countries in 1914 on a Map - Statistics

General Stats
  • This quiz has been taken 624 times
    621 since last reset
  • The average score is 23 of 26
Answers on the Map
Answers color-coded by a green-red scale on the quiz's map according to % correct below.
 
Answer Stats
Answer % Correct
German Empire
95%
Russian Empire
93%
Austria-Hungary
92%
France
92%
Greece
91%
Italy
91%
United Kingdom
91%
Belgium
90%
Denmark
90%
Norway
90%
Sweden
90%
Switzerland
90%
Portugal
89%
Spain
89%
Bulgaria
88%
Netherlands
88%
Albania
87%
Ottoman Empire
87%
Romania
87%
Montenegro
86%
Serbia
86%
Luxembourg
84%
San Marino
84%
Andorra
81%
Liechtenstein
80%
Monaco
80%
No matching quizzes found
Score Distribution
Percent of People with Each Score
Percentile by Number Answered
Your Score History
You have not taken this quiz since the last reset